000 01244nam a2200241Ia 4500
999 _c53500
_d53500
001 20546
003 GE_BSU
005 20210214202652.0
008 181216s1982||||ge |||||||||||||| || ||
040 _cGE_BSU
041 _ageo
080 _a811.353.1-86 ი-50
100 _aიმნაიშვილი, ი.
_910118
245 _aქართული ენის ისტორიული ქრესტომათია = Историческая хрестоматия Грузинского языка ტ. 1. ნაწ. 2 :
_bლექსიკონით, ენის მიმოხილვით და ტაბულებით /
_cი. იმნაიშვილი ; რედ. ა . შანიძე.
264 _aთბილისი :
_bთბილ. უნ-ტის გამ-ბა,
_c1982.
300 _a383 გვ. ;
_c21 სმ.
501 _aსაძიებლები : გვ. 359-372
541 _h4ლ.60თ.
653 _aქართული ენა
653 _aქართული ენის ისტორიული ქრესტომათია
700 _a შანიძე, ა.
_eრედაქტორი
_910119
942 _cBK
_2udc